| 000 | 00690nam a2200241Ia 4500 | ||
|---|---|---|---|
| 001 | 51941 | ||
| 005 | 20240114005244.0 | ||
| 007 | ta | ||
| 008 | 100225s1981 a g b000 u 465 u | ||
| 040 | _aCotton College,Assam | ||
| 041 | _a465 | ||
| 082 |
_a310.1 _bSp 43 Th |
||
| 100 | _a.Spiegel, Murray R . | ||
| 245 | 0 |
_aSchaum`s Outline Of Theory And Problems Of Statistics in Si Units / _cMurray R.Spiegel. _hTextual Documents |
|
| 250 | _aIst ed / | ||
| 260 |
_aSingapore : _bSchaum`s Outline Seriese , _c1981. |
||
| 300 |
_a359p : _bPhotos,Fascimile ; _c24cm . |
||
| 653 | _aStatistics | ||
| 653 | _aG-Math | ||
| 942 |
_2ddc _cBK |
||
| 999 |
_c51905 _d51905 |
||